[Event "Doeberl Cup Premier 50th"]
[Site "Canberra"]
[Date "2012.04.07"]
[Round "6"]
[White "Pan, Andrew"]
[Black "Tan, Justin Hy"]
[Result "1/2-1/2"]
[WhiteElo "2032"]
[BlackElo "2179"]
[PlyCount "42"]
[EventDate "2012.04.05"]
[EventType "swiss"]
[EventRounds "9"]
[EventCountry "AUS"]
[SourceTitle "EXT 2023"]
[Source "ChessBase"]
[SourceDate "2022.10.05"]
[SourceVersion "1"]
[SourceVersionDate "2022.10.05"]
[SourceQuality "1"]

1. d4 d5 2. c4 c6 3. cxd5 cxd5 4. Nc3 Nf6 5. Nf3 Nc6 6. Bf4 Nh5 7. Be5 e6 8. e3 Be7 9. Bd3 0-0 10. 0-0 f5 11. Rc1 Bd7 12. a3 Be8 13. Be2 Nf6 14. Bg3 Nd7 15. Nb5 Rf6 16. Nd6 Qb6 17. Nxe8 Rxe8 18. b4 a6 19. Bh4 Rff8 20. Bxe7 Nxe7 21. Qa4 Qd6 1/2-1/2

[Event "Doeberl Cup 50th"]
[Site "Canberra"]
[Date "2012.04.05"]
[Round "1"]
[White "Morris, James"]
[Black "Pan, Andrew"]
[Result "1/2-1/2"]
[WhiteElo "2354"]
[BlackElo "2032"]
[PlyCount "97"]
[EventDate "2012.04.05"]
[EventType "swiss"]
[EventRounds "9"]
[EventCountry "AUS"]
[SourceTitle "CBM 147 Extra"]
[Source "ChessBase"]
[SourceDate "2012.04.24"]
[SourceVersion "1"]
[SourceVersionDate "2012.04.24"]
[SourceQuality "1"]

1. c4 e6 2. Nc3 d5 3. d4 Nf6 4. Nf3 Be7 5. g3 0-0 6. Bg2 c6 7. 0-0 b6 8. Ne5 Nfd7 9. Nxd7 Nxd7 10. Qa4 Bb7 11. e4 dxe4 12. Nxe4 Nf6 13. Rd1 Nxe4 14. Bxe4 Qc8 15. c5 bxc5 16. dxc5 f5 17. Bg2 Bxc5 18. Bf4 Be7 19. Rac1 Bf6 20. b3 e5 21. Bxc6 Bxc6 22. Rxc6 Qb7 23. Be3 Kh8 24. Rdc1 Qf7 25. Rc7 Qh5 26. Qc6 f4 27. gxf4 exf4 28. Bxf4 Rad8 29. Bg3 Bd4 30. Qg2 h6 31. Re7 Qg5 32. Ree1 Qd2 33. a4 Rf7 34. Rf1 Rdf8 35. Rcd1 Qb2 36. a5 a6 37. Rb1 Qa2 38. Rbd1 Ba7 39. b4 Qb2 40. h3 Qa2 41. Rd6 Qe2 42. Rc6 Rf3 43. Rg6 R8f7 44. h4 Kh7 45. Rd6 Bb8 46. Rdd1 Bxg3 47. fxg3 Qe3+ 48. Kh1 Rf2 49. Rde1 1/2-1/2

[Event "Sydney op-B"]
[Site "Parramatta"]
[Date "2010.04.08"]
[Round "3"]
[White "Stahnke, Axel"]
[Black "Pan, Andrew"]
[Result "0-1"]
[WhiteElo "1412"]
[BlackElo "1948"]
[PlyCount "74"]
[EventDate "2010.04.07"]
[EventType "swiss"]
[EventRounds "9"]
[EventCountry "AUS"]
[SourceTitle "EXT 2012"]
[Source "ChessBase"]
[SourceDate "2011.11.24"]
[SourceVersion "1"]
[SourceVersionDate "2011.11.24"]
[SourceQuality "1"]

1. d4 d5 2. e3 Nf6 3. Nd2 Bf5 4. Ne2 e6 5. Ng3 Bg6 6. c4 c6 7. Be2 Bd6 8. 0-0 Nbd7 9. b3 0-0 10. Bb2 Qe7 11. Nf3 Ne4 12. Ne5 Nxg3 13. Nxg6 Nxe2+ 14. Qxe2 hxg6 15. e4 dxe4 16. Qxe4 Qg5 17. f4 Qf5 18. Qf3 Nf6 19. h3 g5 20. fxg5 Qxg5 21. g4 Qh4 22. Rae1 Qg3+ 23. Qxg3 Bxg3 24. Re3 Bd6 25. Ref3 Be7 26. Kg2 Rad8 27. h4 Nxg4 28. d5 Bf6 29. Ba3 Rfe8 30. d6 Nh6 31. c5 Nf5 32. Kh3 g6 33. Kg4 Kg7 34. Rh1 Rh8 35. Bc1 Rh5 36. Rd3 Rdh8 37. Bd2 Rxh4+ 0-1

[Event "Sydney op-B"]
[Site "Parramatta"]
[Date "2010.04.07"]
[Round "2"]
[White "Pan, Andrew"]
[Black "Ross, William"]
[Result "1-0"]
[WhiteElo "1948"]
[BlackElo "1345"]
[PlyCount "63"]
[EventDate "2010.04.07"]
[EventType "swiss"]
[EventRounds "9"]
[EventCountry "AUS"]
[SourceTitle "EXT 2012"]
[Source "ChessBase"]
[SourceDate "2011.11.24"]
[SourceVersion "1"]
[SourceVersionDate "2011.11.24"]
[SourceQuality "1"]

1. d4 Nf6 2. c4 g6 3. Nc3 Bg7 4. e4 d6 5. Be2 0-0 6. Bg5 c5 7. d5 h6 8. Be3 Nbd7 9. Qd2 Kh7 10. f3 Ne5 11. h3 a6 12. g4 Ng8 13. f4 Nd7 14. Nf3 Qa5 15. Bd3 Rb8 16. a4 Bxc3 17. bxc3 b5 18. Kf2 b4 19. cxb4 cxb4 20. Nd4 Bb7 21. Nb3 Qc7 22. h4 Nc5 23. Nxc5 dxc5 24. h5 Nf6 25. Rag1 Kg7 26. hxg6 fxg6 27. f5 g5 28. Bxg5 Qe5 29. Bxh6+ Kf7 30. Kf3 Rh8 31. Bf4 Nxe4 32. Bxe4 1-0

[Event "Doeberl Cup Major 48th"]
[Site "Canberra"]
[Date "2010.04.04"]
[Round "6"]
[White "Pan, Andrew"]
[Black "Yu, Derek"]
[Result "1-0"]
[WhiteElo "1741"]
[BlackElo "1908"]
[PlyCount "131"]
[EventDate "2010.04.02"]
[EventType "swiss"]
[EventRounds "7"]
[EventCountry "AUS"]
[SourceTitle "EXT 2012"]
[Source "ChessBase"]
[SourceDate "2011.11.24"]
[SourceVersion "1"]
[SourceVersionDate "2011.11.24"]
[SourceQuality "1"]

1. d4 d5 2. c4 c6 3. e3 Nf6 4. Nc3 e6 5. Nf3 Nbd7 6. Bd3 Bd6 7. cxd5 exd5 8. 0-0 0-0 9. Qc2 Re8 10. b3 Nf8 11. Bb2 Ng6 12. Rac1 Qe7 13. h3 Ne4 14. Rfd1 f5 15. Ne2 f4 16. exf4 Nxf4 17. Nxf4 Bxf4 18. Ra1 Qf7 19. Ne5 Bxe5 20. dxe5 Qf4 21. Bxe4 dxe4 22. Qc3 Be6 23. Rd2 Qg5 24. Re1 Bd5 25. Re3 Re6 26. Rd1 Rae8 27. Qe1 Rg6 28. Rg3 Qh5 29. Rxg6 Qxg6 30. Qe3 Re6 31. Re1 a6 32. Bd4 Qf5 33. Bc3 Rg6 34. Kh2 h6 35. Bd4 Qf8 36. Bc5 Qd8 37. a3 Qa5 38. b4 Qb5 39. Qf4 e3 40. f3 e2 41. Qf8+ Kh7 42. Qf5 Qc4 43. Be3 Be6 44. Qb1 Qc3 45. Bf4 Qd4 46. Bg3 Bc4 47. h4 Bd3 48. Qc1 Re6 49. Qd2 Qc4 50. Rc1 Qd5 51. Rc5 Qd4 52. Rc3 e1Q 53. Bxe1 Rxe5 54. Rxd3 Qc4 55. Bg3 Re7 56. Rd4 Qf7 57. Qd3+ Kg8 58. Qc4 Qxc4 59. Rxc4 Re3 60. a4 Ra3 61. a5 Kf7 62. Bd6 Ke6 63. Bc5 g5 64. hxg5 hxg5 65. Re4+ Kd5 66. Rg4 1-0

[Event "AUS-ch U12 op"]
[Site "Sandy Bay"]
[Date "2010.01.24"]
[Round "10"]
[White "Pan, Andrew"]
[Black "Gray, Callum James"]
[Result "1-0"]
[WhiteElo "1672"]
[BlackElo "1212"]
[PlyCount "53"]
[EventDate "2010.01.14"]
[EventType "swiss"]
[EventRounds "11"]
[EventCountry "AUS"]
[SourceTitle "EXT 2011"]
[Source "ChessBase"]
[SourceDate "2010.11.26"]
[SourceVersion "1"]
[SourceVersionDate "2010.11.26"]
[SourceQuality "1"]

1. d4 d5 2. c4 c6 3. Nf3 e6 4. e3 Nf6 5. Nc3 Nbd7 6. Bd3 Bb4 7. 0-0 0-0 8. Qc2 Re8 9. b3 Qc7 10. Bb2 h6 11. Rac1 b6 12. a3 Bxc3 13. Qxc3 Bb7 14. cxd5 exd5 15. b4 Rac8 16. Rfd1 Ne4 17. Qc2 f5 18. Nh4 f4 19. f3 Nef6 20. e4 dxe4 21. fxe4 c5 22. Bc4+ Kh8 23. e5 Nd5 24. dxc5 Ne3 25. Ng6+ Kh7 26. Nf8+ Kh8 27. Qh7# 1-0

[Event "AUS-ch U12 op"]
[Site "Sandy Bay"]
[Date "2010.01.20"]
[Round "7"]
[White "Pan, Andrew"]
[Black "Derwent, Ethan"]
[Result "1-0"]
[WhiteElo "1672"]
[BlackElo "1330"]
[PlyCount "77"]
[EventDate "2010.01.14"]
[EventType "swiss"]
[EventRounds "11"]
[EventCountry "AUS"]
[SourceTitle "EXT 2011"]
[Source "ChessBase"]
[SourceDate "2010.11.26"]
[SourceVersion "1"]
[SourceVersionDate "2010.11.26"]
[SourceQuality "1"]

1. d4 Nf6 2. c4 g6 3. Nc3 Bg7 4. e4 d6 5. Be2 0-0 6. Bg5 h6 7. Be3 e5 8. d5 Nbd7 9. Qd2 Kh7 10. g4 Nb6 11. f3 Ng8 12. h4 f5 13. h5 g5 14. exf5 Nd7 15. Nh3 Bf6 16. Nf2 Ne7 17. Nfe4 Rg8 18. Kf2 Rg7 19. Rhd1 a5 20. b3 a4 21. Nxa4 b6 22. Nac3 Nc5 23. b4 Nd7 24. Kg2 Rg8 25. a4 Rg7 26. Nb5 Rg8 27. Bd3 Rg7 28. Nec3 Rg8 29. Be4 Rg7 30. Ne2 Rg8 31. Nc1 Rg7 32. Nb3 Rg8 33. a5 Ra6 34. Nc3 Rg7 35. Qd3 Rg8 36. axb6 Nxb6 37. c5 Nd7 38. Rxa6 Bxa6 39. Qxa6 1-0

[Event "AUS-ch U12 op"]
[Site "Sandy Bay"]
[Date "2010.01.19"]
[Round "6"]
[White "Mason, Stuart"]
[Black "Pan, Andrew"]
[Result "0-1"]
[WhiteElo "1218"]
[BlackElo "1672"]
[PlyCount "86"]
[EventDate "2010.01.14"]
[EventType "swiss"]
[EventRounds "11"]
[EventCountry "AUS"]
[SourceTitle "EXT 2011"]
[Source "ChessBase"]
[SourceDate "2010.11.26"]
[SourceVersion "1"]
[SourceVersionDate "2010.11.26"]
[SourceQuality "1"]

1. e4 c6 2. d4 d5 3. Nc3 dxe4 4. Nxe4 Bf5 5. Ng3 Bg6 6. h4 h6 7. h5 Bh7 8. f4 e6 9. Nf3 Nf6 10. Bd3 Qc7 11. Bxh7 Nxh7 12. Bd2 Nd7 13. Qe2 Be7 14. 0-0-0 c5 15. Be3 0-0 16. d5 exd5 17. Rxd5 Nb6 18. Rd2 Rfd8 19. Nf5 Bf6 20. Rhd1 Rxd2 21. Rxd2 Nf8 22. Nd6 Na4 23. c3 a6 24. Ne4 Qe7 25. Nxf6+ Qxf6 26. Ne5 b5 27. Qf3 Re8 28. Re2 Qe6 29. Kb1 Nd7 30. Nxd7 Qxd7 31. Kc1 Qd3 32. Re1 Qc4 33. Qc6 Rf8 34. Kb1 Rd8 35. Qxa6 Qd3+ 36. Kc1 Nxc3 37. Bd4 Qb1+ 38. Kd2 Rxd4+ 39. Ke3 Qxe1+ 40. Kf3 Qe2+ 41. Kg3 Ne4+ 42. Kh4 Qf2+ 43. Kh3 Qg3# 0-1

[Event "AUS-ch U12 op"]
[Site "Sandy Bay"]
[Date "2010.01.15"]
[Round "2"]
[White "Pan, Andrew"]
[Black "Pyper, Matthew"]
[Result "1-0"]
[WhiteElo "1672"]
[BlackElo "1048"]
[PlyCount "55"]
[EventDate "2010.01.14"]
[EventType "swiss"]
[EventRounds "11"]
[EventCountry "AUS"]
[SourceTitle "EXT 2011"]
[Source "ChessBase"]
[SourceDate "2010.11.26"]
[SourceVersion "1"]
[SourceVersionDate "2010.11.26"]
[SourceQuality "1"]

1. d4 d5 2. Nf3 c6 3. Bg5 h6 4. Bh4 Qa5+ 5. Nbd2 e6 6. e3 f5 7. Ne5 g5 8. Qh5+ Kd8 9. Nf7+ Kc7 10. Bg3+ Kd7 11. Nxh8 Qb4 12. Qf7+ Be7 13. 0-0-0 Na6 14. Ng6 Qa4 15. Ne5+ Kc7 16. Bxa6 Qxa2 17. Bd3 Qa1+ 18. Nb1 Kb6 19. Qxg8 a5 20. Qe8 Bb4 21. c3 a4 22. Qd8+ Ka7 23. cxb4 b5 24. Nxc6+ Kb7 25. Bxb5 f4 26. Na5+ Kb8 27. Qb6+ Bb7 28. Qxb7# 1-0

[Event "AUS-ch Major"]
[Site "Cammeray"]
[Date "2010.01.10"]
[Round "8"]
[White "Pan, Andrew"]
[Black "Dalton, Samuel"]
[Result "1/2-1/2"]
[WhiteElo "1672"]
[BlackElo "1958"]
[PlyCount "81"]
[EventDate "2010.01.02"]
[EventType "swiss"]
[EventRounds "11"]
[EventCountry "AUS"]
[SourceTitle "EXT 2011"]
[Source "ChessBase"]
[SourceDate "2010.11.26"]
[SourceVersion "1"]
[SourceVersionDate "2010.11.26"]
[SourceQuality "1"]

1. Nf3 d5 2. c4 d4 3. d3 c5 4. g3 Nc6 5. Bg2 Bf5 6. 0-0 Qd7 7. Re1 Nf6 8. Nbd2 h6 9. a3 e5 10. Qc2 Bd6 11. Rb1 0-0 12. Ne4 Nxe4 13. dxe4 Bh3 14. Nh4 a5 15. Bd2 Rfd8 16. Rbd1 Bf8 17. Nf5 Bxg2 18. Kxg2 Ne7 19. Nxe7+ Bxe7 20. Bc1 Qc6 21. f3 Rd6 22. Rd3 b5 23. Rb3 Rb8 24. a4 b4 25. Rd3 f5 26. Rdd1 b3 27. Qd3 fxe4 28. fxe4 Rf6 29. Bd2 Rbf8 30. Rf1 Rxf1 31. Rxf1 Rxf1 32. Kxf1 Qxa4 33. Kg2 Qa2 34. Bc1 Qa1 35. Qd1 a4 36. Qf1 Bf8 37. h4 a3 38. Qf5 Qxc1 39. Qe6+ Kh7 40. Qf5+ g6 41. Qxf8 1/2-1/2

[Event "AUS-ch Major"]
[Site "Cammeray"]
[Date "2010.01.08"]
[Round "6"]
[White "Pan, Andrew"]
[Black "Castor, David"]
[Result "0-1"]
[WhiteElo "1672"]
[BlackElo "1885"]
[PlyCount "110"]
[EventDate "2010.01.02"]
[EventType "swiss"]
[EventRounds "11"]
[EventCountry "AUS"]
[SourceTitle "EXT 2011"]
[Source "ChessBase"]
[SourceDate "2010.11.26"]
[SourceVersion "1"]
[SourceVersionDate "2010.11.26"]
[SourceQuality "1"]

1. d4 Nf6 2. c4 c5 3. d5 b5 4. cxb5 a6 5. b6 e6 6. Nc3 Nxd5 7. Nxd5 exd5 8. Qxd5 Nc6 9. e3 Be7 10. Bc4 0-0 11. Nf3 Rb8 12. 0-0 Rxb6 13. Rd1 d6 14. Qd2 Be6 15. Be2 Qb8 16. b3 Bf6 17. Rb1 c4 18. Ba3 c3 19. Qc2 Rd8 20. Nd4 Nxd4 21. exd4 Qc8 22. Bc1 Bd5 23. Be3 Qc6 24. f3 Re8 25. Kf2 Rb7 26. Rd3 Rc7 27. Rbd1 Rec8 28. Kg1 Qd7 29. Bf2 Be6 30. g4 Bd5 31. Be1 Qe6 32. Bg3 h5 33. h3 h4 34. Bh2 Re8 35. Bf1 Bg5 36. f4 Qe4 37. Bg2 Qxg2+ 38. Qxg2 Bxg2 39. fxg5 Bd5 40. Bxd6 Rc6 41. Be5 f6 42. gxf6 gxf6 43. Bf4 Re2 44. Rc1 c2 45. Rd2 Rxd2 46. Bxd2 f5 47. gxf5 Be4 48. Bg5 Rc3 49. Kf2 Rxh3 50. Rg1 Kf7 51. Bc1 Rf3+ 52. Kg2 h3+ 53. Kh2 Kf6 54. b4 Bxf5 55. Bb2 Ke6 0-1

[Event "AUS-ch Major"]
[Site "Cammeray"]
[Date "2010.01.07"]
[Round "5"]
[White "Thapa, Krishna"]
[Black "Pan, Andrew"]
[Result "1/2-1/2"]
[WhiteElo "1977"]
[BlackElo "1672"]
[PlyCount "136"]
[EventDate "2010.01.02"]
[EventType "swiss"]
[EventRounds "11"]
[EventCountry "AUS"]
[SourceTitle "EXT 2011"]
[Source "ChessBase"]
[SourceDate "2010.11.26"]
[SourceVersion "1"]
[SourceVersionDate "2010.11.26"]
[SourceQuality "1"]

1. b4 e6 2. Bb2 Nf6 3. a3 b6 4. d3 Bb7 5. e4 d6 6. Nf3 Be7 7. Be2 0-0 8. 0-0 c5 9. b5 Nbd7 10. Nbd2 Qc7 11. Re1 Rfd8 12. Bf1 Rac8 13. Qe2 Ne8 14. c4 Bf6 15. Bxf6 Nexf6 16. a4 e5 17. Nb3 Nf8 18. a5 Ra8 19. Ra2 Ne6 20. g3 h6 21. Rea1 Ne8 22. Nh4 g6 23. Qd2 Kg7 24. Ng2 Ng5 25. Nh4 Nf6 26. f4 Ne6 27. Bh3 Nf8 28. Nf3 Nh5 29. f5 Nh7 30. Rf1 g5 31. Qe2 N5f6 32. Ne1 Nd7 33. Ng2 f6 34. Ne3 Ndf8 35. Bg4 Qf7 36. Bh5 Qe7 37. a6 Bc8 38. Nd5 Qd7 39. Nd2 Kh8 40. Bg6 Qg7 41. Qh5 Bd7 42. Bf7 Be8 43. Bxe8 Rxe8 44. Ne3 Nd7 45. Ng4 Kg8 46. Nxh6+ Kf8 47. Nb1 Ke7 48. Qg6 Qxg6 49. fxg6 Nhf8 50. g7 Ne6 51. g8Q Rxg8 52. Nxg8+ Rxg8 53. Nc3 Nd4 54. Nd5+ Ke6 55. Raf2 Rg6 56. g4 Rh6 57. Kg2 Kf7 58. Re1 Ne6 59. Ne3 Nf4+ 60. Rxf4 exf4 61. Nf5 Rh8 62. Nxd6+ Ke6 63. Nf5 Ne5 64. Rd1 Nxg4 65. h3 Ne5 66. d4 cxd4 67. Nxd4+ Kf7 68. Nf5 Kg6 1/2-1/2

[Event "AUS-ch Major"]
[Site "Cammeray"]
[Date "2010.01.06"]
[Round "4"]
[White "Pan, Andrew"]
[Black "Voon, Richard"]
[Result "1-0"]
[WhiteElo "1672"]
[BlackElo "1830"]
[PlyCount "103"]
[EventDate "2010.01.02"]
[EventType "swiss"]
[EventRounds "11"]
[EventCountry "AUS"]
[SourceTitle "EXT 2011"]
[Source "ChessBase"]
[SourceDate "2010.11.26"]
[SourceVersion "1"]
[SourceVersionDate "2010.11.26"]
[SourceQuality "1"]

1. d4 Nf6 2. c4 e6 3. Nc3 Bb4 4. Qc2 d5 5. Nf3 0-0 6. e3 b6 7. a3 Bxc3+ 8. Qxc3 Bb7 9. b3 Nbd7 10. Bb2 c5 11. Be2 Rc8 12. 0-0 cxd4 13. Nxd4 dxc4 14. bxc4 Nc5 15. a4 Qe7 16. a5 Ba8 17. axb6 axb6 18. Nb5 Rfd8 19. Ra7 Rd7 20. Rfa1 Rxa7 21. Rxa7 Qd8 22. f3 Bc6 23. Qd4 Ncd7 24. Bf1 Ra8 25. Rxa8 Qxa8 26. Qd6 h6 27. Nc7 Qb7 28. Nb5 Qa8 29. Bd4 Qb7 30. Qe7 Bxb5 31. Qd8+ Nf8 32. cxb5 N6d7 33. Qe7 Qd5 34. Qb4 Qa2 35. Qc3 f6 36. Qc6 Qa7 37. Bc4 Kf7 38. Qd6 Qa4 39. Bxe6+ Ke8 40. Bxd7+ Nxd7 41. Qd5 Qd1+ 42. Kf2 Qc2+ 43. Kg3 Qg6+ 44. Kh3 Ne5 45. g4 Nd7 46. Qe6+ Kd8 47. Bxb6+ Nxb6 48. Qxb6+ Ke7 49. Qc5+ Ke8 50. Qh5 Qxh5+ 51. gxh5 Kd7 52. Kg4 1-0

[Event "AUS-ch Major"]
[Site "Cammeray"]
[Date "2010.01.03"]
[Round "2"]
[White "Pan, Andrew"]
[Black "Siow Lee, Dylan"]
[Result "1-0"]
[WhiteElo "1672"]
[BlackElo "1264"]
[PlyCount "117"]
[EventDate "2010.01.02"]
[EventType "swiss"]
[EventRounds "11"]
[EventCountry "AUS"]
[SourceTitle "EXT 2011"]
[Source "ChessBase"]
[SourceDate "2010.11.26"]
[SourceVersion "1"]
[SourceVersionDate "2010.11.26"]
[SourceQuality "1"]

1. d4 Nf6 2. c4 g6 3. Nc3 Bg7 4. e4 d6 5. f3 0-0 6. Bd3 Nc6 7. Nge2 e5 8. d5 Ne7 9. Be3 a6 10. Qd2 Bd7 11. a3 c5 12. Bg5 Ne8 13. g4 f6 14. Bh4 Rb8 15. b4 b5 16. bxc5 dxc5 17. Bf2 Qc7 18. Qe3 b4 19. Nd1 Rc8 20. axb4 cxb4 21. c5 Bb5 22. Bxb5 axb5 23. Qb3 Kh8 24. Qxb4 Qb7 25. Ndc3 Nc7 26. c6 Qb8 27. Qxe7 b4 28. Nd1 Rfe8 29. Qc5 Bf8 30. Qc4 Nb5 31. Nc1 Na3 32. Qb3 Qa8 33. 0-0 Qa6 34. Nd3 Qb5 35. Rxa3 Ra8 36. Rxa8 Rxa8 37. N1b2 Ra3 38. Qc4 Qb8 39. Bc5 Rc3 40. Qa6 Bxc5+ 41. Nxc5 Rxc5 42. Qb7 Qxb7 43. cxb7 Rb5 44. Rb1 Rxb7 45. Nd3 Kg7 46. Rxb4 Rd7 47. Nc5 Rd6 48. Rb7+ Kh6 49. Rd7 Rb6 50. d6 Rb1+ 51. Kg2 Rb2+ 52. Kg3 Rb1 53. Rc7 Rg1+ 54. Kf2 Rd1 55. d7 Rd2+ 56. Ke3 Rd6 57. Rc8 f5 58. d8Q f4+ 59. Ke2 1-0

[Event "Doeberl Cup Minor 47th"]
[Site "Canberra"]
[Date "2009.04.12"]
[Round "6"]
[White "Pan, Andrew"]
[Black "Bennett, Matthew"]
[Result "1-0"]
[WhiteElo "1491"]
[BlackElo "974"]
[PlyCount "101"]
[EventDate "2009.04.10"]
[EventType "swiss"]
[EventRounds "6"]
[EventCountry "AUS"]
[SourceTitle "CBM 129 Extra"]
[Source "ChessBase"]
[SourceDate "2009.05.05"]
[SourceVersion "2"]
[SourceVersionDate "2009.05.20"]
[SourceQuality "1"]

1. d4 Nf6 2. c4 e6 3. Nc3 d5 4. e3 c5 5. Nf3 Nc6 6. b3 Be7 7. Bb2 0-0 8. dxc5 Bxc5 9. Rc1 Bb4 10. a3 Bxc3+ 11. Bxc3 Ne4 12. Qc2 Nxc3 13. Qxc3 Qc7 14. cxd5 exd5 15. Bb5 Bd7 16. b4 Rac8 17. 0-0 Qd6 18. Bxc6 Rxc6 19. Qd4 Rb6 20. Rc5 Rb5 21. Rd1 Rxc5 22. bxc5 Qa6 23. Qxd5 Bc6 24. Qd3 Qxd3 25. Rxd3 Bxf3 26. gxf3 b6 27. cxb6 axb6 28. Rb3 Rb8 29. a4 g6 30. Kf1 Ra8 31. Rb4 Kf8 32. Ke2 Ke7 33. Rxb6 Rxa4 34. f4 Ra1 35. Kf3 Rh1 36. Kg2 Rc1 37. Ra6 Kf8 38. f5 Rc5 39. f6 Re5 40. Ra8+ Re8 41. Rxe8+ Kxe8 42. e4 Kd7 43. f4 Ke6 44. e5 h6 45. Kf3 Kf5 46. h4 h5 47. Ke3 Kg4 48. e6 Kxh4 49. exf7 Kg3 50. f8Q h4 51. Qh6 1-0

[Event "Doeberl Cup Minor 47th"]
[Site "Canberra"]
[Date "2009.04.11"]
[Round "4"]
[White "Pan, Andrew"]
[Black "Simmonds, Leteisha Simone"]
[Result "1/2-1/2"]
[WhiteElo "1491"]
[BlackElo "1169"]
[PlyCount "92"]
[EventDate "2009.04.10"]
[EventType "swiss"]
[EventRounds "6"]
[EventCountry "AUS"]
[SourceTitle "CBM 129 Extra"]
[Source "ChessBase"]
[SourceDate "2009.05.05"]
[SourceVersion "2"]
[SourceVersionDate "2009.05.20"]
[SourceQuality "1"]

1. d4 e6 2. c4 Bb4+ 3. Bd2 Qe7 4. Nf3 Bxd2+ 5. Qxd2 d6 6. Nc3 Nd7 7. e3 e5 8. Be2 Ngf6 9. d5 a5 10. 0-0 Nc5 11. b3 Bf5 12. Ne1 Nfe4 13. Nxe4 Nxe4 14. Qb2 Nc5 15. a3 0-0 16. b4 axb4 17. axb4 Nd7 18. Nf3 b6 19. Ra3 Rfb8 20. Rfa1 Qd8 21. Nd2 Bg6 22. f3 f5 23. Qa2 Rxa3 24. Qxa3 Bf7 25. e4 f4 26. Qa7 g5 27. Nf1 h5 28. h3 Qc8 29. Qa6 Qxa6 30. Rxa6 Be8 31. Ra7 Rc8 32. Bd1 Kf8 33. Ba4 Nb8 34. Bxe8 Kxe8 35. b5 Nd7 36. Nd2 Nc5 37. Ra3 Kd7 38. Nb1 Rb8 39. Nc3 Kc8 40. Na2 Kb7 41. Nb4 Ra8 42. Rxa8 Kxa8 43. Kf1 Kb7 44. Ke2 Nd7 45. Nc6 Nf6 46. Nd8+ Kc8 1/2-1/2

[Event "AUS-ch Minor"]
[Site "Parramatta"]
[Date "2008.01.04"]
[Round "4"]
[White "Pan, Andrew"]
[Black "Courtney, Michael"]
[Result "0-1"]
[WhiteElo "1096"]
[BlackElo "1489"]
[PlyCount "62"]
[EventDate "2008.01.02"]
[EventType "swiss"]
[EventRounds "11"]
[EventCountry "AUS"]
[SourceTitle "EXT 2010"]
[Source "ChessBase"]
[SourceDate "2010.11.25"]
[SourceVersion "1"]
[SourceVersionDate "2010.11.25"]
[SourceQuality "1"]

1. e4 e5 2. Nf3 Nc6 3. Bc4 Nf6 4. d3 Bc5 5. Nc3 0-0 6. Bg5 h6 7. Bh4 d6 8. Nd5 Be6 9. Nxf6+ gxf6 10. Nd2 Kh8 11. c3 Rg8 12. Qf3 Rg6 13. Bxe6 fxe6 14. Bg3 d5 15. 0-0-0 d4 16. c4 a5 17. Qh5 Kh7 18. a3 Qd6 19. Nf3 Bxa3 20. bxa3 Qxa3+ 21. Kd2 Nb4 22. Ke2 Na2 23. Kf1 Nc3 24. Re1 Qb2 25. Nh4 Rg7 26. Qf3 a4 27. Qxf6 Qd2 28. Qf3 a3 29. Bxe5 a2 30. Bxg7 Qxe1+ 31. Kxe1 a1Q+ 0-1

[Event "AUS-ch Minor"]
[Site "Parramatta"]
[Date "2008.01.03"]
[Round "3"]
[White "Pan, Andrew"]
[Black "Tracey, Michael"]
[Result "1-0"]
[WhiteElo "1096"]
[BlackElo "1470"]
[PlyCount "71"]
[EventDate "2008.01.02"]
[EventType "swiss"]
[EventRounds "11"]
[EventCountry "AUS"]
[SourceTitle "EXT 2010"]
[Source "ChessBase"]
[SourceDate "2010.11.25"]
[SourceVersion "1"]
[SourceVersionDate "2010.11.25"]
[SourceQuality "1"]

1. d4 Nf6 2. c4 e6 3. Nc3 Bb4 4. a3 Bxc3+ 5. bxc3 0-0 6. Nf3 c5 7. Bg5 h6 8. Bh4 d6 9. e3 Nbd7 10. Bd3 Qc7 11. 0-0 b6 12. Bg3 Bb7 13. a4 Ne4 14. Qc2 f5 15. Nd2 Ndf6 16. Nxe4 Nxe4 17. f3 Nxg3 18. hxg3 g5 19. Qe2 d5 20. cxd5 exd5 21. f4 g4 22. Rfb1 Qd7 23. Qb2 Qe7 24. Re1 h5 25. Rab1 h4 26. gxh4 Qxh4 27. Qf2 g3 28. Qf3 Kg7 29. Kf1 Kg6 30. Ke2 Qh5 31. Qxh5+ Kxh5 32. dxc5 Rab8 33. cxb6 axb6 34. Rxb6 d4 35. Rh1+ Kg4 36. Rg6# 1-0